48. zasadanie Valného zhromaždenia WIPO 20.- 29. 9. 2010 Ženeva

Zasadanie Valného zhromaždenia členských štátov Svetovej organizácie duševného vlastníctva (WIPO), uskutočnené v dňoch 20.-29.9. 2010 v Ženeve. Posolstvo Stevieho Wondera, svetoznámeho skladateľa a speváka, ktorého pozval obohatiť zasadanie generálny riaditeľ WIPO Francis Gurry.

Salvato in:
Dettagli Bibliografici
Autore principale: Žatkuliak, Emil
Natura: Capitolo di libro
Lingua:slovacco
Soggetti:
Tags: Aggiungi Tag
Nessun Tag, puoi essere il primo ad aggiungerne!!

MARC

LEADER 00000naa a2200000 4500
001 0123367
005 20220729111158.5
041 0 |a slo 
044 |a SK 
245 1 0 |a 48. zasadanie Valného zhromaždenia WIPO  |b 20.- 29. 9. 2010 Ženeva  |c Emil Žatkuliak 
520 |a Zasadanie Valného zhromaždenia členských štátov Svetovej organizácie duševného vlastníctva (WIPO), uskutočnené v dňoch 20.-29.9. 2010 v Ženeve. Posolstvo Stevieho Wondera, svetoznámeho skladateľa a speváka, ktorého pozval obohatiť zasadanie generálny riaditeľ WIPO Francis Gurry. 
610 2 0 |a vlastníctvo duševné 
610 2 0 |a ochrana práv priemyselných 
610 2 0 |a patenty 
610 2 0 |a právo priemyselné 
610 2 0 |a právo značkové 
610 2 0 |a vzory chránené 
610 2 0 |a známky ochranné 
610 2 0 |a organizácie medzinárodné 
610 2 0 |a zhromaždenia valné 
100 1 |a Žatkuliak, Emil